Estructura económica de las explotaciones agrícolas de los programas de transformación de secano en regadío / (Record no. 99345)

MARC details
000 -LEADER
campo de control de longitud fija 00881nam a2200205 i 4500
001 - NÚMERO DE CONTROL
campo de control 99345
003 - IDENTIFICADOR DE NÚMERO DE CONTROL
campo de control ES-MaACL
005 - FECHA Y HORA DE LA ÚLTIMA TRANSACCIÓN
campo de control 20251218174251.0
007 - CAMPO FIJO DE DESCRIPCIÓN FÍSICA--INFORMACIÓN GENERAL
campo de control de longitud fija t|
008 - DATOS DE LONGITUD FIJA--INFORMACIÓN GENERAL
campo de control de longitud fija 050907s1965 sp ||||1| spa d
100 1# - ENTRADA PRINCIPAL--NOMBRE DE PERSONA
Nombre de persona Martín Blanco, Marcos.
9 (RLIN) 77420
245 10 - MENCIÓN DEL TÍTULO
Título Estructura económica de las explotaciones agrícolas de los programas de transformación de secano en regadío /
Mención de responsabilidad, etc. Marcos Martín Blanco, José I. Ramos Torres.
260 ## - PUBLICACIÓN, DISTRIBUCIÓN, ETC.
Lugar de publicación, distribución, etc. Madrid :
Nombre del editor, distribuidor, etc. Centro de Estudios Hidrográficos,
Fecha de publicación, distribución, etc. 1965.
300 ## - DESCRIPCIÓN FÍSICA
Extensión 4 v. ;
Dimensiones 25 cm.
505 8# - NOTA DE CONTENIDO CON FORMATO
Nota de contenido con formato Contiene: V.1.-Cuencas del Duero-Tajo-Guadiana. V.2.-Cuencas del Guadalquivir-Sur. V.3.-Cuencas del Segura-Jucar. V.4.-Cuencas del Ebro-Pirineo Oriental
700 0# - ENTRADA AGREGADA--NOMBRE PERSONAL
Nombre de persona Ramos Torres, José Ignacio
9 (RLIN) 95363
710 2# - ENTRADA AGREGADA--NOMBRE DE ENTIDAD CORPORATIVA
Nombre de entidad corporativa o nombre de jurisdicción como elemento de entrada Centro de Estudios Hidrográficos (España)
9 (RLIN) 2635
852 ## - LOCALIZACIÓN
Ubicación ES-MaACL
Número de control de estantería C-27763-6
Sublocalización o colección R.56700
Holdings
Estatus retirado Estado de pérdida Estado de daño No para préstamo Biblioteca de origen Biblioteca actual Ubicación en estantería Fecha de adquisición Fuente de adquisición Total de préstamos Signatura topográfica completa Código de barras Visto por última vez Precio de reemplazo Tipo de ítem Koha
        Biblioteca del Ateneo de Madrid Biblioteca del Ateneo de Madrid Depósito 2 17/01/2008     C-27763-6 1103736 23/02/2023 23/02/2023 Libro impreso